| 000 | 00956nam a22003017a 4500 | ||
|---|---|---|---|
| 003 | CHAP | ||
| 005 | 20220329134910.0 | ||
| 008 | 971013s1966 mx r 00010 spa d | ||
| 010 | _a27741 | ||
| 011 | _a28713 | ||
| 035 | _a32820 | ||
| 040 | _cCHAP | ||
| 090 | _aFolleto 11050 | ||
| 110 |
_aINIA. México. Campo Agrícola Experimental Rosario Izapa _958511 |
||
| 245 | 1 | _aRecomendaciones para el cultivo del algodón en el Soconusco | |
| 260 |
_aMéxico, D.F. : _bEl Instituto, _c1966 |
||
| 300 | _aHoja desplegable | ||
| 490 | 0 |
_aCircular CIASE _v; 14 |
|
| 590 |
_aBATCH-UPD _b10 _c20130110 _lUCH01 _h1625 |
||
| 590 |
_aBATCH-UPD _b10 _c20130410 _lUCH01 _h1019 |
||
| 590 |
_aBATCH-UPD _b10 _c20130914 _lUCH01 _h0316 |
||
| 590 |
_aCONVERSION _b10 _c20130109 _lUCH01 _h1316 |
||
| 650 | 1 | 4 |
_aAlgodón _xChiapas. _93987 |
| 830 | 0 |
_aCircular CIASE _v; 14 _923374 |
|
| 901 | _aBK | ||
| 942 | _cFOLL | ||
| 949 |
_aFolleto 11050 _bBC _cFOLL _d-76475 _eTS1 _i32820 _mD _si |
||
| 999 |
_c27741 _d27741 |
||